000
00262nam a2200097Ia 4500
082
_a
J 636.089 THOM
245
0
_a
Veterinarian
100
_a
THOMAS, William Pleasantville, NY, [c.2009]
_9
75980
942
_c
BK
008
210817s9999 xx 000 0 und d
999
_c
251898
_d
251897